| 000 | 00896nam a2200205 i 4500 | ||
|---|---|---|---|
| 001 | 149506 | ||
| 003 | ES-MaACL | ||
| 005 | 20230906203131.0 | ||
| 007 | t| | ||
| 008 | 071023s1931 sp ||||1| spa d | ||
| 100 | 1 |
_aVázquez de Menchaca, Fernando. _9113420 |
|
| 245 | 1 | 0 |
_aControversiarvm illvstrivm aliarvmqve vsv freqvuentivm libri tres / _cobra del jurisconsulto vallisoletano D. Fernando Vázquez de Menchaca, reimpresa por acuerdo de la Universidad de Valladolid ; transcripción, notas y traducción de D. Fidel Rodríguez Alcalde ; prólogo del Excmo. Sr. D. Calixto Valverde y Valverde. |
| 260 |
_aValladolid : _bCuesta, _c1931. |
||
| 300 |
_a4 v. ; _c25 cm. |
||
| 500 | _aReprod. de la ed. de: Venetiis, 1564. | ||
| 500 | _aTexto lat. y cast. | ||
| 700 | 1 |
_aRodríguez Alcalde, Fidel. _998326 |
|
| 700 | 1 |
_aValverde y Valverde, Calixto. _9113024 |
|
| 852 |
_aES-MaACL _jB-10357-60 |
||
| 999 |
_c149506 _d149506 |
||